| 000 | 00949nam a2200301Ia 4500 | ||
|---|---|---|---|
| 001 | 7029 | ||
| 003 | IT-RoPAU | ||
| 008 | 130308s9999 xx 000 0 und d | ||
| 040 | _aIT-RoPAU | ||
| 040 | _cIT-RoPAU | ||
| 041 | _aITALIANO | ||
| 100 | _aSpoletini Benito Domenico | ||
| 100 | _gCodice Aut. SPICS: 1063 | ||
| 245 | _aCatechesi e mass-media: un incontro ritardato vent'anni | ||
| 245 | _bCatechesi e Mass-Media: un incontro Ritardato Vent'Anni | ||
| 250 | _a1a ed. | ||
| 260 | _aROMA | ||
| 260 | _bEdizioni Paoline Fsp | ||
| 260 | _c1974 [1° Ed.:1974 - Ed.Ling.Originale:1974] | ||
| 300 | _a"20 p. (prefazione: no ; testo: 20)" | ||
| 500 | _aNota informativa Sui Congressi e le Settimane internazionali di catechesi 1950/1971 Proposta di catechesi Audiovisiva | ||
| 650 | _aSAGGI PASTORALE COMUNICAZIONE SOCIALE | ||
| 650 | _eCodice materia Spics: 9311 | ||
| 942 | _cBK | ||
| 957 | _71 | ||
| 999 |
_c76071 _d76071 |
||
| 999 | _bSI | ||
| 999 | _g1 | ||